000 00248nam a22001097a 4500
008 170119b xxu||||| |||| 00| 0 eng d
020 _a2800763730378
041 _aeng
080 _23RD
_a618.2
245 _aNURSING ETHICS
_cFRY, S.T
942 _2udc
_cBK
999 _c3150
_d3150